[Event "MK Cafe Cup-A"]
[Site "Koszalin"]
[Date "1998.08.10"]
[Round "8"]
[White "Khenkin, Igor"]
[Black "Sulskis, Sarunas"]
[Result "1-0"]
[WhiteElo "2600"]
[BlackElo "2555"]
[PlyCount "83"]
[EventDate "1998.08.03"]
[Source "ChessBase"]
[SourceDate "1998.09.09"]

1. d4 Nf6 2. c4 e6 3. Nf3 d5 4. Nc3 Nbd7 5. Bg5 Be7 6. e3 O-O 7. Rc1 c6 8. Bd3 dxc4 9. Bxc4 Nd5 10. Bxe7 Qxe7 11. O-O Nxc3 12. Rxc3 e5 13. Bb3 exd4 14. exd4 Nf6 15. Re1 Qd6 16. Ne5 Be6 17. Bxe6 fxe6 18. Qb3 Rab8 19. Rce3 Nd5 20. Re4 Rf6 21. Nd3 b6 22. g3 Rc8 23. R1e2 Rc7 24. h4 h5 25. a3 g6 26. Qc4 c5 27. dxc5 bxc5 28. Qc2 Kh7 29. Rc4 Rf5 30. Rxc5 Rxc5 31. Qxc5 Qxc5 32. Nxc5 Nf4 33. gxf4 Rxc5 34. Rxe6 a5 35. Re5 Rc2 36. f5 Rxb2 37. fxg6+ Kxg6 38. Rg5+ Kh6 39. Rxa5 Rd2 40. Ra4 Rd3 41. Kg2 Kg6 42. f3 1-0

[Event "SLO-chT"]
[Site "Bled"]
[Date "1996.??.??"]
[Round "3"]
[White "Cvitan, Ognjen"]
[Black "Hulak, Krunoslav"]
[Result "1/2-1/2"]
[WhiteElo "2535"]
[BlackElo "2545"]
[PlyCount "28"]
[EventDate "1996.??.??"]
[Source "ChessBase"]

1. d4 d5 2. c4 e6 3. Nf3 Nf6 4. Nc3 Be7 5. Bg5 c6 6. e3 Nbd7 7. Rc1 O-O 8. Bd3 dxc4 9. Bxc4 Nd5 10. Bxe7 Qxe7 11. O-O Nxc3 12. Rxc3 e5 13. Bb3 e4 14. Nd2 Nf6 1/2-1/2

[Event "Vrsac"]
[Site "Vrsac"]
[Date "1989.??.??"]
[Round "3"]
[White "Cvitan, Ognjen"]
[Black "Damljanovic, Branko"]
[Result "1/2-1/2"]
[WhiteElo "2515"]
[BlackElo "2555"]
[PlyCount "25"]
[EventDate "1989.09.??"]
[Source "ChessBase"]

1. d4 d5 2. c4 e6 3. Nc3 Nf6 4. Bg5 Nbd7 5. e3 Be7 6. Nf3 c6 7. Rc1 O-O 8. Bd3 dxc4 9. Bxc4 Nd5 10. Bxe7 Qxe7 11. O-O Nxc3 12. Rxc3 e5 13. Bb3 1/2-1/2

[Event "Manila ol (Men)"]
[Site "Manila PHI"]
[Date "1992.??.??"]
[Round "?"]
[White "Campos Moreno, Javier B"]
[Black "Campora, Daniel H"]
[Result "1/2-1/2"]
[WhiteElo "2505"]
[BlackElo "2550"]
[PlyCount "107"]
[EventDate "1992.06.??"]
[Source "www.chesslib.no"]
[SourceDate "2004.05.04"]

1. d4 Nf6 2. c4 e6 3. Nc3 d5 4. Bg5 Be7 5. e3 O-O 6. Nf3 Nbd7 7. Rc1 c6 8. Bd3 dxc4 9. Bxc4 Nd5 10. Bxe7 Qxe7 11. O-O Nxc3 12. Rxc3 e5 13. h3 Rd8 14. Qc2 exd4 15. exd4 Nf8 16. Re1 Be6 17. Rce3 Rd6 18. Re5 Qd7 19. Ng5 Re8 20. Bxe6 fxe6 21. Qb3 Rxd4 22. Nxe6 Nxe6 23. Rxe6 Rxe6 24. Rxe6 Rd5 25. Re1 h6 26. h4 Kh7 27. g3 Rd2 28. Qe3 Qd5 29. Re2 Rd3 30. Qe8 Qf5 31. Qe4 Qxe4 32. Rxe4 Rd2 33. Ra4 Rxb2 34. Rxa7 c5 35. Ra8 b5 36. Rc8 c4 37. Rc5 Kg6 38. Kg2 Kf6 39. a4 bxa4 40. Rxc4 a3 41. Ra4 a2 42. g4 Ke5 43. Kg3 Kd5 44. f4 Kc5 45. g5 Kb5 46. Ra8 Kb4 47. Kg4 hxg5 48. fxg5 Rh2 49. Kh5 Rb2 50. Kg6 Rh2 51. Rxa2 Rxa2 52. Kxg7 Rh2 53. g6 Rxh4 54. Kf7 1/2-1/2

[Event "ESP-chT Div 1"]
[Site "Cala Galdana"]
[Date "1999.11.13"]
[Round "6"]
[White "San Segundo Carrillo, Pablo"]
[Black "Campora, Daniel H"]
[Result "1/2-1/2"]
[WhiteElo "2510"]
[BlackElo "2543"]
[PlyCount "57"]
[EventDate "1999.11.08"]
[Source "www.chesslib.no"]
[SourceDate "2004.05.04"]

1. d4 Nf6 2. c4 e6 3. Nf3 d5 4. Nc3 Be7 5. Bg5 O-O 6. e3 Nbd7 7. Rc1 c6 8. Bd3 dxc4 9. Bxc4 Nd5 10. Bxe7 Qxe7 11. O-O Nxc3 12. Rxc3 e5 13. Bb3 Rd8 14. Re1 g6 15. Qc1 e4 16. Nd2 Nf6 17. Qb1 Bf5 18. Nf1 Be6 19. Bxe6 Qxe6 20. b4 a6 21. Rec1 Nd5 22. Rc5 f5 23. a4 Rac8 24. b5 cxb5 25. axb5 Rxc5 26. dxc5 axb5 27. Qxb5 Qc6 28. Qc4 b6 29. cxb6 1/2-1/2

[Event "3rd Open"]
[Site "Bergamo"]
[Date "2004.07.24"]
[Round "5"]
[White "Malakhatko, Vadim"]
[Black "Dervishi, Erald"]
[Result "1/2-1/2"]
[WhiteElo "2555"]
[BlackElo "2486"]
[PlyCount "72"]
[EventDate "2004.07.22"]
[Source "Roberto Alvarez"]
[SourceDate "2004.08.10"]

1. d4 Nf6 2. Nf3 e6 3. c4 d5 4. Nc3 Be7 5. Bg5 O-O 6. e3 Nbd7 7. Rc1 c6 8. Bd3 dxc4 9. Bxc4 Nd5 10. Bxe7 Qxe7 11. O-O Nxc3 12. Rxc3 e5 13. Bb3 exd4 14. exd4 Nb6 15. Re1 Qd8 16. Ne5 Nd5 17. Rg3 Be6 18. Qd2 Qh4 19. Bc2 Rad8 20. Re4 Qf6 21. Ng4 Bxg4 22. Rexg4 g6 23. h4 Rd6 24. h5 Rfd8 25. Rf3 Qg7 26. Bb3 Re8 27. g3 Re7 28. Kg2 a6 29. Qc1 Rdd7 30. a3 Re6 31. Bc4 Qf8 32. b4 Qd8 33. a4 Rf6 34. hxg6 hxg6 35. Rxf6 Qxf6 36. b5 cxb5 1/2-1/2

[Event "GMA Baleares Open"]
[Site "Palma de Majorca ESP"]
[Date "1989.??.??"]
[Round "3"]
[White "Magerramov, Elmar"]
[Black "Hansen, Curt"]
[Result "1/2-1/2"]
[WhiteElo "2470"]
[BlackElo "2545"]
[PlyCount "70"]
[EventDate "1989.12.??"]
[Source "www.chesslib.no"]
[SourceDate "2004.05.04"]

1. d4 Nf6 2. c4 e6 3. Nf3 d5 4. Nc3 Be7 5. Bg5 O-O 6. e3 Ne4 7. Bxe7 Qxe7 8. Rc1 Nxc3 9. Rxc3 c6 10. Bd3 dxc4 11. Bxc4 Nd7 12. O-O e5 13. Qc2 exd4 14. exd4 Nb6 15. Re3 Qd8 16. Bb3 Nd5 17. Re5 f6 18. Bxd5+ cxd5 19. Re3 Bg4 20. Qb3 Bxf3 21. gxf3 Qd7 22. Rfe1 Rf7 23. Qa3 h6 24. Qd3 Raf8 25. Kg2 Qa4 26. b3 Qxa2 27. Qb5 Qa6 28. Qxd5 Qc6 29. Qf5 Rd8 30. Qg6 Qd5 31. h4 a5 32. Re7 Rdf8 33. R1e6 Rxe7 34. Rxe7 Rf7 35. Re8+ Rf8 1/2-1/2

[Event "It (cat.6)"]
[Site "Stara Pazova (Serbia)"]
[Date "2007.08.01"]
[Round "10"]
[White "Kosic Dragan (SCG)"]
[Black "Berescu Alin (ROM)"]
[Result "1/2-1/2"]
[WhiteElo "2501"]
[BlackElo "2511"]
[PlyCount "34"]
[EventDate "2007.??.??"]
[Source "www.chesslib.no"]
[SourceDate "2004.05.04"]

1. d4 Nf6 2. Nf3 e6 3. c4 d5 4. Nc3 c6 5. Bg5 Be7 6. e3 O-O 7. Bd3 Nbd7 8. O-O dxc4 9. Bxc4 Nd5 10. Bxe7 Qxe7 11. Rc1 Nxc3 12. Rxc3 e5 13. Bb3 exd4 14. exd4 Nf6 15. Re1 Qd6 16. h3 Bf5 17. Rce3 Rae8 1/2-1/2

[Event "Sarajevo"]
[Site "Sarajevo"]
[Date "1987.??.??"]
[Round "?"]
[White "Cvitan, Ognjen"]
[Black "Dizdar, Goran"]
[Result "1/2-1/2"]
[WhiteElo "2500"]
[BlackElo "2505"]
[PlyCount "39"]
[EventDate "1987.03.??"]
[Source "ChessBase"]

1. d4 Nf6 2. c4 e6 3. Nc3 d5 4. Bg5 Be7 5. e3 O-O 6. Nf3 Ne4 7. Bxe7 Qxe7 8. Rc1 c6 9. Bd3 Nxc3 10. Rxc3 dxc4 11. Bxc4 Nd7 12. O-O e5 13. Bb3 exd4 14. Qxd4 Nf6 15. Qe5 Re8 16. Qxe7 Rxe7 17. Rd1 Bg4 18. Rcd3 Kf8 19. h3 Bf5 20. Rc3 1/2-1/2

[Event "Royan"]
[Site "Royan"]
[Date "1988.??.??"]
[Round "?"]
[White "Kharitonov, Andrei Y"]
[Black "Pfleger, Helmut"]
[Result "1/2-1/2"]
[WhiteElo "2515"]
[BlackElo "2485"]
[PlyCount "81"]
[EventDate "1988.06.??"]
[Source "ChessBase"]

1. d4 d5 2. Nf3 Nf6 3. c4 e6 4. Nc3 Be7 5. Bg5 O-O 6. e3 Ne4 7. Bxe7 Qxe7 8. Rc1 Nxc3 9. Rxc3 c6 10. Be2 dxc4 11. Bxc4 Nd7 12. O-O e5 13. Bb3 e4 14. Nd2 Nf6 15. Rc5 Bg4 16. Qc2 Nd7 17. Rc3 Rae8 18. Qxe4 Qxe4 19. Nxe4 Rxe4 20. f3 Bxf3 21. gxf3 Re7 22. Kf2 Nf6 23. Rg1 h6 24. a3 Rd8 25. Rc5 Kf8 26. Ba2 Nd5 27. Bxd5 Rxd5 28. Rxd5 cxd5 29. Rc1 Rd7 30. Rc8+ Ke7 31. Kg3 Kf6 32. Re8 Rc7 33. Re5 Re7 34. Rxe7 Kxe7 35. Kg4 g6 36. e4 f6 37. h4 h5+ 38. Kf4 Ke6 39. b3 b6 40. a4 a5 41. Kg3 1/2-1/2

[Event "X Open"]
[Site "Coria del Rio"]
[Date "2004.02.17"]
[Round "7"]
[White "Matamoros Franco, Carlos S"]
[Black "Campora, Daniel Hugo"]
[Result "1/2-1/2"]
[WhiteElo "2490"]
[BlackElo "2503"]
[PlyCount "31"]
[EventDate "2004.02.11"]
[Source "Roberto Alvarez"]
[SourceDate "2004.02.23"]

1. d4 d5 2. c4 e6 3. Nc3 Nf6 4. Bg5 Be7 5. e3 O-O 6. Nf3 Nbd7 7. Rc1 c6 8. Bd3 dxc4 9. Bxc4 Nd5 10. Bxe7 Qxe7 11. O-O Nxc3 12. Rxc3 e5 13. Bb3 exd4 14. exd4 Nf6 15. Re1 Qd6 16. Ne5 1/2-1/2

[Event "It (Open) Sevilla ESP"]
[Site "?"]
[Date "2006.01.13"]
[Round "7.3"]
[White "Komljenovic Davor"]
[Black "Dizdar Goran"]
[Result "1/2-1/2"]
[WhiteElo "2458"]
[BlackElo "2531"]
[PlyCount "28"]
[EventDate "2006.??.??"]
[Source "www.chesslib.no"]
[SourceDate "2004.05.04"]

1. d4 d5 2. c4 c6 3. Nf3 Nf6 4. Nc3 e6 5. Bg5 Nbd7 6. e3 Be7 7. Rc1 O-O 8. Bd3 dxc4 9. Bxc4 Nd5 10. Bxe7 Qxe7 11. O-O Nxc3 12. Rxc3 e5 13. Re1 e4 14. Nd2 Nf6 1/2-1/2

[Event "RUS-Cup03 (Geller mem)"]
[Site "Moscow"]
[Date "1999.02.08"]
[Round "7"]
[White "Volzhin, Alexander"]
[Black "Dokutchaev, Aleksander"]
[Result "1/2-1/2"]
[WhiteElo "2543"]
[BlackElo "2443"]
[PlyCount "59"]
[EventDate "1999.02.10"]
[Source "ChessBase"]
[SourceDate "1999.06.08"]

1. d4 e6 2. c4 d5 3. Nc3 Nf6 4. Bg5 Be7 5. e3 Nbd7 6. Nf3 O-O 7. Rc1 c6 8. Bd3 dxc4 9. Bxc4 Nd5 10. Bxe7 Qxe7 11. O-O Nxc3 12. Rxc3 e5 13. Bb3 exd4 14. exd4 Nf6 15. Re1 Qd6 16. Qc2 Bd7 17. h3 Rae8 18. Rce3 Rxe3 19. Rxe3 Re8 20. Re5 h6 21. Qc3 b6 22. Qe3 Kf8 23. Nd2 c5 24. Rxe8+ Bxe8 25. dxc5 Qxc5 26. Qxc5+ bxc5 27. f3 Ke7 28. Kf2 Bc6 29. h4 g5 30. hxg5 1/2-1/2

[Event "Bundesliga 9293"]
[Site "Germany"]
[Date "1993.??.??"]
[Round "?"]
[White "Lobron, Eric"]
[Black "Fahnenschmidt, Gerhard"]
[Result "1/2-1/2"]
[WhiteElo "2620"]
[BlackElo "2365"]
[PlyCount "154"]
[EventDate "1992.10.??"]
[Source "ChessBase"]
[SourceDate "1999.07.01"]

1. d4 d5 2. c4 c6 3. Nc3 Nf6 4. Nf3 e6 5. Bg5 Nbd7 6. e3 Be7 7. Bd3 O-O 8. Rc1 dxc4 9. Bxc4 Nd5 10. Bxe7 Qxe7 11. O-O Nxc3 12. Rxc3 e5 13. Bb3 e4 14. Nd2 Nf6 15. Rc5 Bg4 16. Qb1 Nd7 17. Rc3 Rae8 18. Qxe4 Qxe4 19. Nxe4 Rxe4 20. f3 Bxf3 21. gxf3 Ree8 22. d5 cxd5 23. Bxd5 b6 24. Rc7 Nf6 25. Bb3 Rxe3 26. Rxa7 g5 27. Kf2 Rd3 28. Re1 g4 29. Re3 Rd2+ 30. Re2 Rd3 31. fxg4 Nxg4+ 32. Ke1 Kg7 33. Rb7 Rd6 34. h3 Nh6 35. Bc2 Rc8 36. a4 Rc4 37. Rg2+ Kf6 38. Rf2+ Kg5 39. Rd2 Rdc6 40. Kd1 Kh4 41. b3 Rf4 42. Rbd7 Nf5 43. Bxf5 Rxf5 44. R2d6 Rf1+ 45. Ke2 Rcc1 46. Rd1 Rfxd1 47. Rxd1 Rc6 48. Rd3 h5 49. Rf3 Rd6 50. Ke3 f6 51. Kf4 Rd5 52. Ke4 Rd6 53. Kf5 b5 54. axb5 Rb6 55. Kg6 Rxb5 56. Kxf6 Rb4 57. Ke5 Rb8 58. Kd4 Kg5 59. Kc3 Rc8+ 60. Kb2 Rb8 61. Rc3 Kh4 62. Rd3 Rb7 63. Rc3 Rb8 64. Re3 Kg5 65. Re4 Rf8 66. h4+ Kf5 67. Rc4 Rg8 68. b4 Ke6 69. Kc3 Rg3+ 70. Kc2 Kd6 71. b5 Kd5 72. Rf4 Ke5 73. Rf8 Rg4 74. Kc3 Kd6 75. Rc8 Kd7 76. Rc4 Rxc4+ 77. Kxc4 Kc7 1/2-1/2

[Event "URS Ch sf"]
[Site "Sevastopol UKR"]
[Date "1986.??.??"]
[Round "?"]
[White "Ubilava, Elizbar E"]
[Black "Kharitonov, Andrei Y"]
[Result "1/2-1/2"]
[WhiteElo "2515"]
[BlackElo "2460"]
[PlyCount "110"]
[EventDate "1986.08.??"]
[Source "www.chesslib.no"]
[SourceDate "2004.05.04"]

1. d4 d5 2. c4 e6 3. Nc3 Nf6 4. Bg5 Be7 5. Nf3 O-O 6. e3 Nbd7 7. Rc1 c6 8. Bd3 dxc4 9. Bxc4 Nd5 10. Bxe7 Qxe7 11. O-O Nxc3 12. Rxc3 e5 13. Bb3 exd4 14. exd4 Nf6 15. Re3 Qd6 16. h3 Bd7 17. Rfe1 Nd5 18. Re5 f6 19. Bxd5+ cxd5 20. Re7 Rfe8 21. Rxe8+ Rxe8 22. Rxe8+ Bxe8 23. Qc2 Bc6 24. Qc5 Qf4 25. b4 a6 26. a4 Qe4 27. a5 h6 28. Qc1 Kf7 29. Qc3 Kg8 30. Ne1 Qe2 31. Nd3 g5 32. Nc5 Kf7 33. Qc1 Kg7 34. h4 Kh8 35. Qb1 Qg4 36. Qg6 Qd1+ 37. Kh2 Qxd4 38. Qxh6+ Kg8 39. hxg5 Qf4+ 40. Kh3 fxg5 41. Qg6+ Kh8 42. g3 Qxf2 43. Ne6 Qb2 44. Kg4 Qxb4+ 45. Kxg5 Qe7+ 46. Qf6+ Qxf6+ 47. Kxf6 Kg8 48. Ke5 Kf7 49. Nf4 d4 50. Kxd4 Kf6 51. Kc5 Kf5 52. Kb6 Kg4 53. Ne6 Kxg3 54. Nd8 Bf3 55. Nxb7 Be2 1/2-1/2

[Event "Dos Hermanas-B"]
[Site "Dos Hermanas"]
[Date "2003.04.06"]
[Round "9"]
[White "Franco Ocampos, Zenon"]
[Black "Matamoros Franco, Carlos S"]
[Result "1/2-1/2"]
[WhiteElo "2506"]
[BlackElo "2461"]
[PlyCount "25"]
[EventDate "2003.03.28"]
[Source "ChessBase"]
[SourceDate "2003.07.25"]

1. d4 d5 2. c4 e6 3. Nc3 Nf6 4. Bg5 Be7 5. Nf3 O-O 6. e3 Nbd7 7. Rc1 c6 8. Bd3 dxc4 9. Bxc4 Nd5 10. Bxe7 Qxe7 11. O-O Nxc3 12. Rxc3 e5 13. Nxe5 1/2-1/2

[Event "ADCF Masters"]
[Site "Abu Dhabi"]
[Date "2003.08.20"]
[Round "5"]
[White "Gagunashvili, Merab"]
[Black "Malysev, Vasilij"]
[Result "1-0"]
[WhiteElo "2577"]
[BlackElo "2377"]
[PlyCount "59"]
[EventDate "2003.08.16"]
[Source "Roberto Alvarez"]
[SourceDate "2003.09.01"]

1. d4 d5 2. c4 e6 3. Nc3 Nf6 4. Bg5 Be7 5. e3 O-O 6. Nf3 Ne4 7. Bxe7 Qxe7 8. Rc1 c6 9. Bd3 Nxc3 10. Rxc3 Nd7 11. O-O dxc4 12. Bxc4 e5 13. Qc2 exd4 14. exd4 Nb6 15. Bb3 Be6 16. Qe4 Nd5 17. Bxd5 cxd5 18. Qd3 Rfc8 19. Rfc1 Rxc3 20. Rxc3 Rc8 21. h3 Rxc3 22. Qxc3 b6 23. b4 Qd7 24. Ne5 Qa4 25. a3 a5 26. bxa5 bxa5 27. Nc6 Qc4 28. Qxc4 dxc4 29. Kf1 c3 30. Ke1 1-0

[Event "Chigorin mem op"]
[Site "St Petersburg"]
[Date "2000.11.10"]
[Round "9"]
[White "Lugovoi, Aleksei"]
[Black "Deviatkin, Andrei"]
[Result "1/2-1/2"]
[WhiteElo "2534"]
[BlackElo "2394"]
[PlyCount "31"]
[EventDate "2000.10.31"]
[Source "www.chesslib.no"]
[SourceDate "2004.05.04"]

1. d4 d5 2. c4 e6 3. Nc3 Nf6 4. Nf3 Be7 5. Bg5 O-O 6. e3 Nbd7 7. Rc1 c6 8. Bd3 dxc4 9. Bxc4 Nd5 10. Bxe7 Qxe7 11. O-O Nxc3 12. Rxc3 e5 13. Bb3 Rd8 14. Qb1 exd4 15. exd4 Nf8 16. Re1 1/2-1/2

[Event "ZAZ Cup"]
[Site "Zaporozhye"]
[Date "2004.09.20"]
[Round "2"]
[White "Maximov, Dmitry"]
[Black "Malinin, Vasily B"]
[Result "1/2-1/2"]
[WhiteElo "2400"]
[BlackElo "2521"]
[PlyCount "110"]
[EventDate "2004.09.19"]
[Source "Roberto Alvarez"]
[SourceDate "2004.10.18"]

1. d4 d5 2. c4 e6 3. Nc3 Nf6 4. Bg5 Be7 5. e3 O-O 6. Nf3 Ne4 7. Bxe7 Qxe7 8. Rc1 c6 9. Bd3 Nxc3 10. Rxc3 dxc4 11. Bxc4 Nd7 12. O-O e5 13. d5 e4 14. Nd2 cxd5 15. Bxd5 Nf6 16. Bc4 Bf5 17. Nb3 Rad8 18. Nd4 Qe5 19. Be2 g6 20. Qb3 Bg4 21. Qxb7 Bxe2 22. Nxe2 Rb8 23. Qxa7 Rxb2 24. Rc5 Rxa2 25. Rxe5 Rxa7 26. Nc3 Rfa8 27. Nxe4 Nxe4 28. Rxe4 h5 29. Rd4 Ra1 30. g3 Rxf1+ 31. Kxf1 Kg7 32. Rd2 Kf6 33. Ke2 Ra5 34. e4 h4 35. Ke3 hxg3 36. hxg3 g5 37. f4 gxf4+ 38. gxf4 Ra4 39. Rd3 Kg6 40. Rb3 Kf6 41. Rb6+ Kg7 42. e5 Ra1 43. Ke4 Re1+ 44. Kf5 Re2 45. Rb7 Re1 46. Re7 Ra1 47. Rd7 Re1 48. Rd2 Ra1 49. Ke4 Kf8 50. f5 Re1+ 51. Kd5 Ke7 52. Ra2 Rd1+ 53. Ke4 Re1+ 54. Kd4 f6 55. e6 Re5 1/2-1/2

[Event "FRG-ch International"]
[Site "Dortmund"]
[Date "1973.??.??"]
[Round "10"]
[White "Ciocaltea, Victor"]
[Black "Popov, Luben"]
[Result "1/2-1/2"]
[WhiteElo "2470"]
[BlackElo "2450"]
[PlyCount "32"]
[EventDate "1973.??.??"]
[Source "ChessBase"]

1. d4 d5 2. c4 c6 3. Nf3 Nf6 4. Nc3 e6 5. Bg5 Be7 6. e3 Ne4 7. Bxe7 Qxe7 8. Rc1 Nxc3 9. Rxc3 O-O 10. Be2 Nd7 11. O-O dxc4 12. Bxc4 e5 13. Qc2 exd4 14. exd4 Nf6 15. Re1 Qd6 16. h3 g6 1/2-1/2

[Event "Oberwart op"]
[Site "Oberwart"]
[Date "2002.07.11"]
[Round "7"]
[White "Kiss, Attila"]
[Black "Horvath, Peter"]
[Result "1/2-1/2"]
[WhiteElo "2399"]
[BlackElo "2514"]
[PlyCount "29"]
[EventDate "2002.07.05"]
[Source "ChessBase"]
[SourceDate "2002.09.11"]

1. d4 d5 2. c4 e6 3. Nf3 Nf6 4. Nc3 Be7 5. Bg5 O-O 6. e3 Nbd7 7. Rc1 c6 8. Bd3 dxc4 9. Bxc4 Nd5 10. Bxe7 Qxe7 11. O-O Nxc3 12. Rxc3 e5 13. h3 e4 14. Nd2 Nb6 15. Qb3 1/2-1/2

[Event "Euskadi ch"]
[Site "Ruta de Europa, Vitoria"]
[Date "2003.04.26"]
[Round "6.2"]
[White "Gomez Esteban, Juan Mario"]
[Black "Alvarez Ibarra, Rafael"]
[Result "1-0"]
[WhiteElo "2463"]
[BlackElo "2432"]
[PlyCount "49"]
[EventDate "2003.04.22"]
[Source "Roberto Alvarez"]
[SourceDate "2003.05.05"]

1. d4 d5 2. c4 c6 3. Nc3 Nf6 4. Nf3 e6 5. Bg5 Nbd7 6. e3 Be7 7. Bd3 dxc4 8. Bxc4 Nd5 9. Bxe7 Qxe7 10. Rc1 O-O 11. O-O Nxc3 12. Rxc3 e5 13. Bb3 exd4 14. exd4 Nf6 15. Re1 Qd6 16. Ne5 Be6 17. Bxe6 fxe6 18. Qb3 Nd5 19. Rg3 b6 20. Re4 Rac8 21. Rxg7+ Kxg7 22. Qg3+ Kf6 23. Qh4+ Kf5 24. Qxh7+ Kf6 25. Ng4+ 1-0

[Event "Orel"]
[Site "?"]
[Date "1998.??.??"]
[Round "13"]
[White "Selensky Andrei"]
[Black "Chekhov Valery A"]
[Result "0-1"]
[WhiteElo "2360"]
[BlackElo "2520"]
[PlyCount "62"]
[EventDate "1998.??.??"]
[Source "www.chesslib.no"]
[SourceDate "2004.05.04"]

1. c4 e6 2. Nc3 d5 3. d4 Nf6 4. Bg5 Nbd7 5. e3 Be7 6. Nf3 c6 7. Rc1 O-O 8. Bd3 dxc4 9. Bxc4 Nd5 10. Bxe7 Qxe7 11. O-O Nxc3 12. Rxc3 e5 13. Bb3 exd4 14. exd4 Nf6 15. Re1 Qd6 16. h3 Bf5 17. Rce3 Rad8 18. Qd2 a6 19. Re5 Bg6 20. Qa5 Rd7 21. R1e3 Rfd8 22. g4 Kf8 23. Qe1 h6 24. d5 cxd5 25. Bxd5 Kg8 26. Bb3 Rc7 27. Nh4 Bc2 28. Bxc2 Rxc2 29. Re8+ Rxe8 30. Rxe8+ Nxe8 31. Qxe8+ Qf8 0-1

[Event "Pernik"]
[Site "?"]
[Date "1978.??.??"]
[Round "9"]
[White "Ghinda Mihail Viorel"]
[Black "Suba Mihail"]
[Result "1/2-1/2"]
[WhiteElo "2445"]
[BlackElo "2430"]
[PlyCount "29"]
[EventDate "1978.??.??"]
[Source "www.chesslib.no"]
[SourceDate "2004.05.04"]

1. d4 Nf6 2. c4 e6 3. Nc3 d5 4. Bg5 Be7 5. e3 O-O 6. Rc1 c6 7. Nf3 Nbd7 8. Bd3 dxc4 9. Bxc4 Nd5 10. Bxe7 Qxe7 11. O-O Nxc3 12. Rxc3 e5 13. Qe2 e4 14. Nd2 Nf6 15. Bb3 1/2-1/2

[Event "Buenos Aires Club Argentino"]
[Site "Buenos Aires"]
[Date "1975.??.??"]
[Round "11"]
[White "Garcia, Raimundo"]
[Black "Cuasnicu, Oscar"]
[Result "1/2-1/2"]
[WhiteElo "2455"]
[BlackElo "2410"]
[PlyCount "24"]
[EventDate "1975.??.??"]
[Source "ChessBase"]

1. d4 Nf6 2. Nf3 e6 3. Bg5 d5 4. c4 Nbd7 5. Nc3 Be7 6. Rc1 O-O 7. e3 c6 8. Bd3 dxc4 9. Bxc4 Nd5 10. Bxe7 Qxe7 11. O-O Nxc3 12. Rxc3 e5 1/2-1/2

[Event "2. Dato' Arthur Tan Malaysian Open"]
[Site "?"]
[Date "2005.08.24"]
[Round "8"]
[White "Lahiri Atanu"]
[Black "Irwanto Sadikin"]
[Result "0-1"]
[WhiteElo "2344"]
[BlackElo "2517"]
[PlyCount "70"]
[EventDate "2005.??.??"]
[Source "www.chesslib.no"]
[SourceDate "2004.05.04"]

1. d4 Nf6 2. c4 e6 3. Nc3 d5 4. Bg5 Be7 5. e3 O-O 6. Nf3 Nbd7 7. Rc1 c6 8. Bd3 dxc4 9. Bxc4 Nd5 10. Bxe7 Qxe7 11. O-O Nxc3 12. Rxc3 e5 13. Bb3 e4 14. Nd2 Nf6 15. Qc2 Bg4 16. Re1 Rad8 17. Nf1 Be6 18. Rc1 Bxb3 19. Qxb3 Nd5 20. Rc5 Rd6 21. Qc4 g6 22. a3 h5 23. b4 a6 24. a4 b5 25. Qb3 Qe6 26. Nd2 f5 27. g3 Kg7 28. axb5 axb5 29. Ra1 Rf7 30. Ra6 g5 31. f4 gxf4 32. gxf4 Kh7 33. Kf2 Rg7 34. Nf1 h4 35. h3 Rg2+ 0-1

[Event "Tch (Men) 2005/2006 NED"]
[Site "?"]
[Date "2005.11.26"]
[Round "4"]
[White "Werle Jan"]
[Black "Piceu Tom"]
[Result "1-0"]
[WhiteElo "2509"]
[BlackElo "2345"]
[PlyCount "65"]
[EventDate "2005.??.??"]
[Source "www.chesslib.no"]
[SourceDate "2004.05.04"]

1. Nf3 Nf6 2. c4 e6 3. Nc3 d5 4. d4 Nbd7 5. Bg5 Be7 6. e3 O-O 7. Rc1 c6 8. Bd3 dxc4 9. Bxc4 Nd5 10. Bxe7 Qxe7 11. O-O Nxc3 12. Rxc3 e5 13. Bb3 e4 14. Nd2 Nf6 15. Qb1 Bf5 16. f3 Rae8 17. Rc5 Bg6 18. f4 Qd7 19. f5 Bh5 20. Qe1 b6 21. Re5 c5 22. Rxe8 Rxe8 23. dxc5 Re5 24. cxb6 axb6 25. Nc4 Rxf5 26. Rxf5 Qxf5 27. Nxb6 Bf3 28. Nc4 h5 29. gxf3 exf3 30. Nd2 Ng4 31. Qg3 f2+ 32. Kg2 h4 33. Qf4 1-0

[Event "Camp. Commonwealth 2008"]
[Site "Nagpur IND"]
[Date "2008.10.06"]
[Round "11"]
[White "Gupta, Ab"]
[Black "Purushothaman, T."]
[Result "1-0"]
[WhiteElo "2551"]
[BlackElo "2303"]
[PlyCount "59"]
[EventDate "2008.09.28"]
[Source "www.chesslib.no"]
[SourceDate "2004.05.04"]

1. d4 d5 2. c4 c6 3. Nf3 Nf6 4. Nc3 e6 5. Bg5 Nbd7 6. e3 Be7 7. Bd3 O-O 8. O-O dxc4 9. Bxc4 Nd5 10. Bxe7 Qxe7 11. Rc1 Nxc3 12. Rxc3 e5 13. Bb3 e4 14. Nd2 Nf6 15. Qc2 Bg4 16. Re1 Rad8 17. Rc5 Rfe8 18. Rc1 Nd7 19. Ra5 a6 20. a3 Rc8 21. h3 Qd8 22. hxg4 Qxa5 23. Nxe4 Rf8 24. Qe2 Qd8 25. g5 Qe7 26. Qg4 Kh8 27. Qf4 Nb6 28. Nd6 Rc7 29. Rc5 Rd7 30. Nxf7+ 1-0

[Event "Berlin Open"]
[Site "Berlin West"]
[Date "1988.??.??"]
[Round "8"]
[White "Hertneck, Gerald"]
[Black "Sonntag, Hans-Hubert"]
[Result "1-0"]
[WhiteElo "2465"]
[BlackElo "2380"]
[PlyCount "99"]
[EventDate "1988.08.??"]
[Source "www.chesslib.no"]
[SourceDate "2004.05.04"]

1. d4 d5 2. c4 e6 3. Nc3 Be7 4. Nf3 Nf6 5. Bg5 O-O 6. Rc1 c6 7. e3 Nbd7 8. Bd3 dxc4 9. Bxc4 Nd5 10. Bxe7 Qxe7 11. O-O Nxc3 12. Rxc3 e5 13. d5 cxd5 14. Qxd5 e4 15. Nd4 Nb6 16. Qa5 Nxc4 17. Rxc4 b6 18. Qa4 Bd7 19. Rc7 Bxa4 20. Rxe7 Rfe8 21. Rc7 Rec8 22. Rfc1 Bd7 23. h4 Kf8 24. Kh2 Rxc7 25. Rxc7 Ke7 26. Kg3 Kd6 27. Rb7 Be6 28. Nxe6 Kxe6 29. a4 Rc8 30. Rxa7 Rc4 31. Ra6 Ke5 32. Rxb6 Rxa4 33. Rb5+ Kf6 34. Kf4 g6 35. g4 Rc4 36. g5+ Kg7 37. Rb7 Rc2 38. Kg3 Rc5 39. b4 Rc4 40. Kg2 Kf8 41. b5 Kg7 42. b6 Rb4 43. Rb8 h6 44. Kg3 hxg5 45. hxg5 Rb5 46. Kg4 Kh7 47. Kf4 Kg7 48. b7 Rb4 49. Ke5 Kh7 50. Kd5 1-0

[Event "AUT-chT 9596"]
[Site "Austria"]
[Date "1996.??.??"]
[Round "?"]
[White "Bischoff, Klaus"]
[Black "Kostic, V Vladimir"]
[Result "1/2-1/2"]
[WhiteElo "2520"]
[BlackElo "2325"]
[PlyCount "40"]
[EventDate "1995.??.??"]
[Source "ChessBase"]

1. c4 e6 2. Nc3 d5 3. d4 Nf6 4. Bg5 Be7 5. e3 O-O 6. Rc1 c6 7. Nf3 Nbd7 8. Bd3 dxc4 9. Bxc4 Nd5 10. Bxe7 Qxe7 11. O-O Nxc3 12. Rxc3 e5 13. Bb3 Kh8 14. d5 e4 15. Nd4 cxd5 16. Bxd5 Nf6 17. Bb3 Qe5 18. Qe2 Bd7 19. Rfc1 Ng4 20. g3 Qh5 1/2-1/2

[Event "Bohemians"]
[Site "Prague CZE"]
[Date "1987.??.??"]
[Round "?"]
[White "Mozny, Milos"]
[Black "Prandstetter, Eduard"]
[Result "1/2-1/2"]
[WhiteElo "2405"]
[BlackElo "2430"]
[PlyCount "27"]
[EventDate "1987.01.??"]
[Source "www.chesslib.no"]
[SourceDate "2004.05.04"]

1. d4 e6 2. c4 Nf6 3. Nf3 d5 4. Nc3 Be7 5. Bg5 O-O 6. e3 Nbd7 7. Rc1 c6 8. Bd3 dxc4 9. Bxc4 Nd5 10. Bxe7 Qxe7 11. O-O Nxc3 12. Rxc3 e5 13. Nxe5 Nxe5 14. dxe5 1/2-1/2